01203nam a2200337Ia 450000500170000000800410001702000190005810000360007724500910011325000190020430000270022349000170025052100540026753400470032165000440036865000480041265000340046065000370049465000360053165000370056765000330060470000320063794200150066926400320068433600270071633700330074333800280077604000350080408400110083999900150085020220317001204.0160825s2007 sp g 000 0 spa  a978847888850121 aRowling, Joanne Kathleend1965-10aHarry Potter y la Orden del FénixcJ. K. Rowling ; traducido por Gemma Rovira Ortega a7a. edición  a893 páginas c22 cm  aHarry Potter aRecomendado para jovenes de 13 años en adelante tHarry Portter and the order of the phoenix142LEMBaNovela juvenil inglesa ySiglo XX142LEMB aLiteratura Juvenil InglesaySiglo XX142LEMB aMagia en la literatura142LEMB aMisterio en la literatura142LEMB aAmistad en la literatura142LEMB aFantasia en la literatura142LEMB aAmor en la literatura1 aRovira Ortega, Gemma967371 2loccBKLIT aBarcelonabSalamandrac2007 atextobtxt2rdacontent asin mediaciónbn2rdamedia avolumenbnc2rdacarrier aCO-BoRNBPbspaerdacCO-BoRNBP aN ROW1 c6184d6184